| 000 | 00670nam a2200217 a 4500 | ||
|---|---|---|---|
| 001 | 000022000 | ||
| 005 | 20200930011534.0 | ||
| 008 | 100915nuuuuuuuusp a r 000 0 spa d | ||
| 040 |
_aDO-SdBNP _bspa _cBNPHU |
||
| 082 |
_a364.183 _bC287b |
||
| 100 | 1 |
_aCarmona, Miguel de _945600 |
|
| 245 | 1 | 3 |
_aLa bigamia / _cMiguel E. de Carmona. |
| 260 |
_aBarcelona, (España) : _bDux Ediciones y Publicaciones, _c[s. f.]. |
||
| 300 |
_a306 p. : _bil. ; _c21 cm. |
||
| 500 | _aIncluye índice de nombres. | ||
| 650 | 4 |
_aBigamia _945601 |
|
| 650 | 4 |
_aDelítos contra la familia _945602 |
|
| 650 | 4 |
_aMatrimónio _xLegislación _945603 |
|
| 650 | 4 |
_aPoligamia _945604 |
|
| 049 | _aBNGR | ||
| 999 |
_c21498 _d21498 |
||